| 000 | 00999cas a22003257a 4500 | ||
|---|---|---|---|
| 005 | 20220329142119.0 | ||
| 008 | 990804d u p rnn uub1 d | ||
| 010 | _a78650 | ||
| 011 | _a79622 | ||
| 035 | _a89988 | ||
| 245 | 0 | 0 |
_aBusiness Research Bulletin _c/by Bureau of Business Research |
| 260 | 0 |
_aNebraska : _bBureau of Business Research |
|
| 300 | _av. | ||
| 310 | _aIrregular | ||
| 362 | _an.66, 1962 | ||
| 500 | _aSe dejó de recibir con el n.68, 1963 | ||
| 590 |
_aBATCH-UPD _b10 _c20130110 _lUCH01 _h0713 |
||
| 590 |
_aBATCH-UPD _b10 _c20130410 _lUCH01 _h0358 |
||
| 590 |
_aBATCH-UPD _b10 _c20130914 _lUCH01 _h1837 |
||
| 590 |
_aCONVERSION _b10 _c20130109 _lUCH01 _h1344 |
||
| 650 | 1 | 4 |
_aNegocios _xPublicaciones periódicas. _980700 |
| 866 | _an.53 (1949) | ||
| 866 | _an.55 (1952) | ||
| 866 | _an.61 (1956) | ||
| 866 | _an.63 (1958) | ||
| 866 | _an.66 (1962) | ||
| 866 | _an.68 (1963) | ||
| 901 | _aSE | ||
| 905 | _aMa. del Socorro Iturbe C. | ||
| 999 |
_c78650 _d78650 |
||